| 000 | 00752nam a22002297a 4500 | ||
|---|---|---|---|
| 001 | 2957 | ||
| 003 | FISKH | ||
| 005 | 20240529105813.0 | ||
| 008 | 240125b cb ||||| |||| 00| 0 eng d | ||
| 020 | _a9780545426671 | ||
| 040 |
_aFISKH _beng _cFISKH _dFISKH |
||
| 050 | _aPE1591.S38 | ||
| 082 | _a423.1 | ||
| 100 | _aOttenheimer | ||
| 245 | _aPocket dictionary of synonyms, antonyms, homonyms / | ||
| 260 |
_aNew York : _bScholastic, _c1965 |
||
| 300 |
_a240 pages : _bcolor illustrations ; _c20 cm |
||
| 520 | _aA reference book for young students, containing 12,000 synonyms, 10,000 antonyms, and 2,000 homonyms. | ||
| 650 |
_aEnglish language--Homonyms--Dictionaries _vReference |
||
| 700 |
_aPetronio, Kay _eDesigner |
||
| 942 |
_2ddc _cBK _n0 |
||
| 999 |
_c2957 _d2957 |
||